000 00406nam a2200169 a 4500
001 40187
005 20180714013946.0
008 140415s1963 000 0 spa d
041 _aspa
082 _a808.3
_bLAF
100 1 _aLAFORET, CARMEN
245 1 0 _aNADA
250 _a14a ed.
260 _a[s.l.] :
_bEDICIONES DESTINO,
_c1963
300 _a295
650 1 4 _aLITERATURA
_xNOVELA
999 _c40187
_d40187